Geometry at work (Record no. 44506)

MARC details
000 -LEADER
fixed length control field 00864nam a2200217 a 4500
008 - FIXED-LENGTH DATA ELEMENTS--GENERAL INFORMATION
fixed length control field 120416s2000 ||||||||||||||||| || u
020 ## - INTERNATIONAL STANDARD BOOK NUMBER
International Standard Book Number 0883851644
050 ## - LIBRARY OF CONGRESS CALL NUMBER
Classification number QA 445 GEO
245 10 - TITLE STATEMENT
Title Geometry at work
Statement of responsibility, etc. edited by Catherine A. Gorini
246 ## - VARYING FORM OF TITLE
Title proper/short title a collection of papers showing applications of geometry
260 ## - PUBLICATION, DISTRIBUTION, ETC.
Place of publication, distribution, etc. Washington, D.C.
Name of publisher, distributor, etc. The Mathematical Association of America
Date of publication, distribution, etc. 2000
300 ## - PHYSICAL DESCRIPTION
Extent xvii, 217p. : ill.
350 ## - PRICE (NR) (BK AM CF MU VM SE) [OBSOLETE]
Price 0.00
490 ## - SERIES STATEMENT
Series statement MAA notes
490 ## - SERIES STATEMENT
Volume/sequential designation no. 52
650 ## - SUBJECT ADDED ENTRY--TOPICAL TERM
Topical term or geographic name entry element Geometry
650 #0 - SUBJECT ADDED ENTRY--TOPICAL TERM
Topical term or geographic name entry element MATHEMATICS--HANDBOOKS, MANUALS, ETC
856 ## - ELECTRONIC LOCATION AND ACCESS
Uniform Resource Identifier <a href="http://www.loc.gov/catdir/toc/cam027/00105196.html">http://www.loc.gov/catdir/toc/cam027/00105196.html</a>
856 ## - ELECTRONIC LOCATION AND ACCESS
Uniform Resource Identifier <a href="http://www.loc.gov/catdir/description/cam021/00105196.html">http://www.loc.gov/catdir/description/cam021/00105196.html</a>
995 ## - RECOMMENDATION 995 [LOCAL, UNIMARC FRANCE]
-- 0.00
-- CBU-MAIN LIBRARY (Kitwe)
-- 1
-- 31.00
-- 1
-- AVAILABLE
-- Main Library Open Access Collection
Holdings
Withdrawn status Lost status Source of classification or shelving scheme Damaged status Not for loan Home library Current library Shelving location Date acquired Total Checkouts Full call number Barcode Date last seen Price effective from Koha item type
          CBU-MAIN LIBRARY, KITWE. CBU-MAIN LIBRARY, KITWE.   11/30/2022   QA 445 GEO 46433 11/30/2022 11/30/2022 MONOGRAPH